Monumentos españoles - ¡Muerte Súbita! - Estadísticas

Estadísticas generales
  • Esta prueba ha sido intentada 66 veces
  • La puntuación promedio es 8 de 12
Answers on the Grid
Answers color-coded by a green-red scale on the quiz's grid according to % correct below.
 
Estadísticas de respuestas
Respuesta % Correcto
Sagrada Familia
(Barcelona, España)
88%
Catedral de Burgos
(Burgos, España)
80%
Catedral de Santiago de Compostela
(Santiago de Compostela, España)
73%
Museo Guggenheim
(Bilbao, España)
73%
Metropol Parasol
(Sevilla, España)
69%
Puente de l'Assut de l'Or
(Valencia, España)
67%
Catedral de Salamanca
(Salamanca, España)
67%
Palacio de la Aljafería
(Zaragoza, España)
65%
Palacio Real
(Madrid, España)
63%
Alhambra
(Granada, España)
63%
Torre de Hércules
(La Coruña, España)
59%
Edificio del Gabinete Literario
(Las Palmas de Gran Canaria, España)
39%
No se encontraron pruebas coincidentes
Distribución de puntuación
Porcentaje de gente con cada puntuación
Porcentaje por número respondido
Historial de tus puntuaciones
No has intentado esta prueba.